000 00591nam a22001937a 4500
999 _c2977
_d2977
003 OSt
005 20200708114606.0
008 190515e xxu||||| |||| 00| 0 spa d
020 _a9505233612
040 _cPJ
245 1 3 _aEl derecho administrativo :
_b2005 /
_cdirector Julio Rodolfo Comadira.
260 _aBuenos Aires :
_bUniversitas,
_c2007.
300 _a840 p.
_c24 cm.
490 _aSerie Especial
650 0 _9211
_aDERECHO ADMINISTRATIVO
650 0 _aJURISPRUDENCIA APLICABLE
_91057
700 _914
_aComadira, Julio Rodolfo
_edirector
942 _2udc
_cLIB
_h342.9
_iDER